03055cam a2200613 i 4500001001200000003000600012005001700018008004100035020004800076035002200124035002300146040006700169045001700236046002100253245023300274246010900507260012700616300002400743336002700767337005400794338002800848380001600876380002300892388001400915388001400929388001000943490008500953504005801038610006701096610005601163610005701219610006901276610006901345610007101414610005701485610004601542648002601588648002601614650002901640650006601669651002301735655002601758655002601784655002801810658001301838658005101851700006901902710016001971830009002131920005002221942001502271999001702286952013802303xx004823827NUKAT20260424121524.0200303s2019 pl |001 0 pol c a9788380987432q(oprawa twarda) :czł 45,00 a(OCoLC)1148391827 a(NUKAT)xx004823827 aWR U/hbbpolerdacWR U/hbsdWR U/msdWA 14/ABsdOLSZT 008/bak2 bd1918bd1938 k2019o1918p193800aAntykomunizm socjalistów :bPolska Partia Socjalistyczna wobec Komunistycznej Partii Robotniczej Polski/Komunistycznej Partii Polski : wypisy z prasy i dokumentów (1918-1938) /cwstęp, wybór i opracowanie Karol Sacewicz.30aPolska Partia Socjalistyczna wobec Komunistycznej Partii Robotniczej Polski/Komunistycznej Partii Polski aOlsztyn ;aBiałystok ;aWarszawa :bInstytut Pamięci Narodowej. Oddział w Białymstoku. Delegatura w Olsztynie,c2019. a519 stron ;c22 cm. aTekstbtxt2rdacontent aBez urządzenia pośredniczącegobn2rdamedia aWoluminbnc2rdacarrier aKsiążki aPublikacje naukowe1 a1901-20001 a1918-19391 a2001-1 aSeria Wydawnicza Oddziału Instytutu Pamięci Narodowej w Białymstoku ;vt. 47 aBibliografia, netografia na stronach 491-505. Indeks.27aKomunistyczna Partia Robotnicza Polski (1918-1925)2DBN94046227aKomunistyczna Partia Polski (1925-1938)2DBN94046327aPolska Partia Socjalistyczna (1892-1948)2DBN93581327aPolska Partia Socjalistyczna (1909-1919)vprogramy.2kaba94046427aPolska Partia Socjalistyczna (1919-1939)vprogramy.2kaba94046527aPolska Partia Socjalistyczna (1919-1939)xpropaganda.2kaba94046627aKomunistyczna Partia Robotnicza Polski.2kaba94046727aKomunistyczna Partia Polski.2kaba940468 7a1901-20002DBN934996 7a1918-19392DBN936041 7aAntykomunizm2DBN939401 7aPropaganda antykomunistycznazPolskay1900-1945.2kaba940461 7aPolska2DBN935076 7aArtykuły2DBN939080 7aDokumenty2DBN937215 7aOpracowanie2DBN935024 aHistoria aPolityka, politologia, administracja publiczna1 aSacewicz, Karold(1978- ).eOpracowanieeWstępeWybór9162682 aInstytut Pamięci Narodowej - Komisja Ścigania Zbrodni przeciwko Narodowi Polskiemu.bOddział (Białystok).bDelegatura (Olsztyn).eWydawca4pbl916272 0aSeria Wydawnicza Oddziału Instytutu Pamięci Narodowej w Białymstokuvt. 47913120 a978-83-8098-743-2 (oprawa twarda) : zł 45,00 2ddccBK_NM c27745d27745 00102ddc40708K_magaBIPbBIPd2020-11-30eD-36/2020fDg45.00i59930l0o59930pIPWK21631r2026-04-24 12:16:16w2026-04-24yBK_NM